Diputació de Barcelona : Servei d’Esports i Turisme Servei d’Esports i Turisme
Descripción Física:
1 llapis
MARC
| LEADER | 00000nam a2200000Ia 4500 | ||
|---|---|---|---|
| 001 | 24452 | ||
| 008 | 160829s9999 xx 000 0 cat d | ||
| 080 | |a NBM-11-2 | ||
| 245 | |a Diputació de Barcelona : |b Servei d’Esports i Turisme | ||
| 260 | |a [Barcelona] : |b [Diputació de Barcelona. Servei d’Esports i Turisme], [s.a.] | ||
| 300 | |a 1 llapis | ||
| 610 | 2 | 0 | |a Barcelona (Catalunya : Província). |b Servei d'Esports i Turisme |9 54307 |
| 710 | 2 | |a Barcelona (Catalunya : Província). |b Servei d'Esports i Turisme |9 54307 | |
| 901 | |a Arxiu | ||
| 942 | |n 1 | ||
| 952 | |0 0 |1 0 |4 0 |6 NBM112 |7 1 |9 55499 |a Arxiu |b Arxiu |d 2016-12-01 |l 0 |o NBM-11-2 |p 24452 |r 2016-12-01 00:00:00 |w 2016-12-01 |y ARXIU | ||
| 999 | |c 59372 |d 59372 | ||